Lékařská mikrobiologie : Bakteriologie. Virologie. Parazitologie

Salvato in:
Dettagli Bibliografici
Autore principale: Bednář, Marek (Autore)
Natura: Libro
Lingua:ceco
Pubblicazione: Praha : Marvil, 1996
Edizione:1.vyd.-dotisk
Tags: Aggiungi Tag
Nessun Tag, puoi essere il primo ad aggiungerne!!

MARC

LEADER 00000nam a22000003a 4500
001 stu77641
005 20150617225646.1
008 021018s1996----xr------------------cze-d
040 |a STU  |b slo 
041 0 |a cze 
044 |a xr 
080 |a 576.8  |7 stu_us_auth*stu5767 
100 1 |a Bednář, Marek  |4 aut 
245 1 |a Lékařská mikrobiologie :  |b Bakteriologie. Virologie. Parazitologie 
250 |a 1.vyd.-dotisk 
260 |a Praha :  |b Marvil,  |c 1996 
300 |a 558 s. Obr.,tab.,grafy,index 
996 |b C98118  |c C*98118  |l CCXIX  |s P  |a 0  |w stu77641_0001 
996 |b C96889  |c C*96889  |l CCXV  |s P  |a 0  |w stu77641_0002 
996 |b C96890  |c C*96890  |l CCXV  |s P  |a 0  |w stu77641_0003 
996 |b C96891  |c C*96891  |l CCXV  |s P  |a 0  |w stu77641_0004